Southville International School and Colleges
Your cart is empty.
  • Cart
  • Lists
    Public lists Eva Luna New books Lux_list list_1
    Your lists Log in to create your own lists
  • Log in to your account
  • Your cookies
  • Search history
Southville International School and Colleges
  • Advanced search
  • Recent comments
  • Most popular
  • Libraries

Log in to your account

Log in with GOOGLE


If you do not have an external account, but do have a local account, you can still log in:

  1. Home
  2. MARC view: Roumanian Stories :
Normal view MARC view ISBD view

Roumanian Stories : (Record no. 268244)

[ view plain ]
MARC details
000 -LEADER
fixed length control field 01019cam a22003133a 4500
001 - CONTROL NUMBER
control field 38991
003 - CONTROL NUMBER IDENTIFIER
control field PGUSA
005 - DATE AND TIME OF LATEST TRANSACTION
control field 20140828083848.0
008 - FIXED-LENGTH DATA ELEMENTS--GENERAL INFORMATION
fixed length control field 120226s2012||||xxu|||||s|||||000 | eng d
040 ## - CATALOGING SOURCE
Original cataloging agency PGUSA
Language of cataloging eng
042 ## - AUTHENTICATION CODE
Authentication code dc
245 10 - TITLE STATEMENT
Title Roumanian Stories :
Remainder of title Translated from the Original Roumanian
Medium [electronic resource]
260 ## - PUBLICATION, DISTRIBUTION, ETC. (IMPRINT)
Name of publisher, distributor, etc Project Gutenberg,
Date of publication, distribution, etc 2012
506 ## - RESTRICTIONS ON ACCESS NOTE
Terms governing access Public domain in the USA.
516 ## - TYPE OF COMPUTER FILE OR DATA NOTE
Type of computer file or data note Electronic text
700 1# - ADDED ENTRY--PERSONAL NAME
Personal name Slavici, Ioan,
Dates associated with a name 1848-1925
700 1# - ADDED ENTRY--PERSONAL NAME
Personal name Byng, Lucy
700 1# - ADDED ENTRY--PERSONAL NAME
Personal name Creangă, Ion,
Dates associated with a name 1839-1889
700 1# - ADDED ENTRY--PERSONAL NAME
Personal name Caragiale, Ion Luca,
Dates associated with a name 1852-1912
700 1# - ADDED ENTRY--PERSONAL NAME
Personal name Delavrancea, Barbu Ștefănescu,
Dates associated with a name 1858-1918
700 1# - ADDED ENTRY--PERSONAL NAME
Personal name Sadoveanu, Mihail,
Dates associated with a name 1880-1961
700 1# - ADDED ENTRY--PERSONAL NAME
Personal name Brătescu-Voinești, Ioan Alexandru,
Dates associated with a name 1868-1946
700 1# - ADDED ENTRY--PERSONAL NAME
Personal name Popovici-Bănățeanu, Ion,
Dates associated with a name 1869-1893
700 1# - ADDED ENTRY--PERSONAL NAME
Personal name Negruzzi, Leon C.,
Dates associated with a name 1840-1890
700 1# - ADDED ENTRY--PERSONAL NAME
Personal name Beza, Marcu,
Dates associated with a name 1882-1949
830 #0 - SERIES ADDED ENTRY--UNIFORM TITLE
Uniform title Project Gutenberg
Volume number/sequential designation 38991
856 40 - ELECTRONIC LOCATION AND ACCESS
Uniform Resource Identifier <a href="http://www.gutenberg.org/ebooks/38991">http://www.gutenberg.org/ebooks/38991</a>
942 ## - ADDED ENTRY ELEMENTS (KOHA)
Koha item type eBooks
Holdings
Withdrawn status Lost status Damaged status Home library Current library Date acquired Total Checkouts Date last seen Price effective from Koha item type
      Project Gutenberg Project Gutenberg 08/28/2014   08/28/2014 08/28/2014 eBooks

Roumanian Stories :

APA

Slavici I., Byng L., Creangă I., Caragiale I. L., Delavrancea B. Ș., Sadoveanu M., Brătescu-Voinești I. A., Popovici-Bănățeanu I., Negruzzi L. C. & Beza M. (2012). Roumanian Stories. : Project Gutenberg.

Chicago

Slavici Ioan, Byng Lucy, Creangă Ion, Caragiale Ion Luca, Delavrancea Barbu Ștefănescu, Sadoveanu Mihail, Brătescu-Voinești Ioan Alexandru, Popovici-Bănățeanu Ion, Negruzzi Leon C and Beza Marcu. 2012. Roumanian Stories. : Project Gutenberg.

Harvard

Slavici I., Byng L., Creangă I., Caragiale I. L., Delavrancea B. Ș., Sadoveanu M., Brătescu-Voinești I. A., Popovici-Bănățeanu I., Negruzzi L. C. and Beza M. (2012). Roumanian Stories. : Project Gutenberg.

MLA

Slavici Ioan, Byng Lucy, Creangă Ion, Caragiale Ion Luca, Delavrancea Barbu Ștefănescu, Sadoveanu Mihail, Brătescu-Voinești Ioan Alexandru, Popovici-Bănățeanu Ion, Negruzzi Leon C and Beza Marcu. Roumanian Stories. : Project Gutenberg. 2012.

  • Place hold
  • Print
  • Cite
  • Add to your cart (remove)
  • Save record
    BIBTEX Dublin Core MARCXML MARC (non-Unicode/MARC-8) MARC (Unicode/UTF-8) MARC (Unicode/UTF-8, Standard) MODS (XML) RIS
  • More searches
    Search for this title in:
    Other Libraries (WorldCat) Other Databases (Google Scholar) Online Stores (Bookfinder.com) Open Library (openlibrary.org)

Exporting to Dublin Core...

SOUTHVILLE LIBRARY

Southville International School and Colleges Library

1281 Tropical Ave. Cor. Luxembourg St., BF Homes International, Las Pinas City

Tel. No. 8256374 / 252358 Loc. 117/146

Powered by Koha